Los orígenes de América /

Guardado en:
Bibliografiske detaljer
Hovedforfatter: Alcina Franch, José (autor)
Format: Bog
Sprog:spansk
Udgivet: Madrid, España : Alhambra, 1985
Fag:
Tags: Tilføj Tag
Ingen Tags, Vær først til at tagge denne postø!

MARC

LEADER 00000nam^a2200000^a^4500
001 000000811
005 20250521000000.0
009 20260310083044.303
020 |a 84-205-1144-7 
037 |a Acervo ITESO - Biblioteca 
041 |a ESP 
082 |a 300. 1  |b ALC 
100 |a Alcina Franch, José  |e (autor) 
245 1 4 |a Los orígenes de América /  |c J. Alcina Franch. 
264 1 |a Madrid, España :  |b Alhambra,  |c 1985 
300 |a 276 p. 
336 |a texto  |b txt  |2 rdacontenido 
337 |a sin mediación  |b n  |2 rdamedio 
338 |a volumen  |b nc  |2 rdasoporte 
649 |a XX 
650 |a América -  |x Historia 
650 |a Antropología Cultural 
650 |a Sociología de la Cultura 
650 |a Sociología 
910 |a Fondo General 
920 |a Impresos - Libros 
930 |a Colección General 
905 |a 101 
901 |a 0008110100  |b IT1  |c ACC  |i 000811  |u 20250521 
902 |a https://opac.biblio.iteso.mx/vufind/Record/000000811